000 01238nam0a2200301 4500
001 RU\NLR\bibl\10326
005 20260408190753.0
010 _a5-88845-029-4
_93000
021 _aRU
_b98-13036
_9613
035 _a(NLR Aleph) 000010112
090 _a33566
_c33566
100 _a19981218d1998 |||y0rusy50 ca
101 0 _arus
102 _aRU
105 _ay |||||||||
200 1 _aЗакон Российской Федерации "О государственной пошлине"
210 _aМ.
_cАдвок. фирма "Хайнак и К°"
_d1998
215 _a32 с.
_d20
606 _aГосударственная пошлина
_yРоссийская Федерация
_jЗаконы, постановления и т.п.
_3RU\NLR\auth\661255202
_92079325
606 _aГосударственная пошлина
_yРоссийская Федерация
_jЗаконодательные материалы
_3RU\NLR\auth\661255202
_92079325
686 _aХ622.221-39(2Р)
740 1 _aРоссийская Федерация
_tЗаконы
_3RU\NLR\AUTH\883331
_9277893
801 0 _aRU
_bNLR
_c19981218
_gPSBO
801 1 _aRU
_bNLR
_c19981218
852 _aNLR
_j98-4/2662
942 _cBOOK
980 _aNB